Essentials promoting health and wellbeing: For nursing and healthcare students (Record no. 396750)

MARC details
000 -LEADER
fixed length control field 00582 a2200205 4500
005 - DATE & TIME
control field 20260417123026.0
008 - FIXED-LENGTH DATA ELEMENTS--GENERAL INFORMATION
fixed length control field 260416b |||||||| |||| 00| 0 eng d
020 ## - ISBN
International Standard Book Number 9781908625854
Price £ 16.99
040 ## - CATALOGING SOURCE
Original cataloging agency VIVEKANANDA LIBRARY
082 ## - DDC NUMBER
Classification number 613.07
Book Number B439E
100 ## - MAIN ENTRY--PERSONAL NAME
Personal name Bennett, Clare, ed.
245 ## - TITLE STATEMENT
Title Essentials promoting health and wellbeing: For nursing and healthcare students
260 ## - PUBLICATION, DISTRIBUTION, ETC. (IMPRINT)
Name of publisher, distributor, etc Lantern Publishing
Date of publication, distribution, etc 2020
Place of publication, distribution, etc Banbury
300 ## - PHYSICAL DESCRIPTION
Pages xiv, 200
650 ## - Subject
Subject Personal Health
650 ## - Subject
Subject Health Education
650 ## - Subject
Subject Nursing
700 ## - Added Entry Personal Name
Added Entry Personal Name Lillyman, Sue, ed.
942 ## - ADDED ENTRY ELEMENTS (KOHA)
Koha item type Books
Holdings
Withdrawn status Lost status Source of classification or shelving scheme Damaged status Not for loan Location (home branch) Sublocation or collection (holding branch) Shelving location Date acquired Koha issues (times borrowed) Koha full call number Accession No. Koha date last seen Koha item type
    Dewey Decimal Classification     VIVEKANANDA LIBRARY VIVEKANANDA LIBRARY Vivekananda Library 25/03/2026   613.07 B439E 438921 25/03/2026 Books
© Designed and Maintained by Vivekananda Library, MDU Rohtak